00609naa a2200133 i 45000010005000000030009000050050017000140080039000310400021000701000134000912450076002256500025003017730149003268975KOSZ 00520180313102322.0150319s2004 pl f |100 0 pol cBPKdKOSZ 005/EG1 aWERNO, Maciej.d1998 - 2004.bPolitechnika Koszalińska - Wydział Budownictwa i Inżynierii Środowiska,cKatedra Geotechniki10aStabilizacja chemiczna gruntów gliniastych /cM. Werno, A. Przydatek. 0aMechanika gruntów.0 iW :tJubileuszowa Międzynarodowa Konferencja Naukowa "Aktualne problemy naukowo-badawcze budownictwa". -dOlsztyn-Kortowo, 2004. -gs. 183-188